000 00223nam a22000857a 4500
008 161101b xxu||||| |||| 00| 0 eng d
100 _91010
_aGupta.N.
245 _aAccountancy-XII
260 _aNew Delhi
_bDhanpat Publications
_c2012
999 _c3670
_d3670